| 000 | 004610000a22001810004500 | ||
|---|---|---|---|
| 003 | MACL | ||
| 005 | 20160101170642.0 | ||
| 008 | 160101b xxu||||| |||| 00| 0 eng d | ||
| 040 |
_aMACL _cMACL |
||
| 041 | _aEnglish | ||
| 082 | _a350/RUS | ||
| 100 |
_aRustomji, M K _926736 |
||
| 245 | _aGetting along better with people | ||
| 260 |
_bIBH Publishing Co. _c1981 _aBombay |
||
| 350 | _a15 | ||
| 650 |
_aPublic Administration _926737 |
||
| 942 |
_cBK _k350/RUS _2ddc |
||
| 999 |
_c34278 _d34278 |
||